Manual de neuroanatomía humana: ejercicios

Guardat en:
Dades bibliogràfiques
Autor principal: Treviño Alanís, María Guadalupe (Autor)
Format: Llibre
Idioma:espanyol
Publicat: Ciudad de México McGraw-Hill Interamericana 2000
Edició:2a. ed
Matèries:
Etiquetes: Afegir etiqueta
Sense etiquetes, Sigues el primer a etiquetar aquest registre!

MARC

LEADER 00000cam a2200000 a 4500
001 UCD8176
003 CL-VaPUC
008 170428e20000000mx |||||||||||||||||spa|d
020 |a 9701026829 
082 0 4 |a 611.8  |b TRE  |2 21 
100 0 |a Treviño Alanís, María Guadalupe  |e author  |9 592010 
245 1 0 |a Manual de neuroanatomía humana: ejercicios 
250 |a 2a. ed 
300 |a 87 p 
942 |c BK 
945 |d 20170428 01:26:00  |a arojas 
260 |a Ciudad de México  |b McGraw-Hill Interamericana  |c 2000 
650 0 |a Neuroanatomía  |9 269717 
650 0 |a Neurobiología   |9 269798 
650 0 |a Sistema nervioso  |9 266815 
650 7 |a SISTEMA NERVIOSO AUTONOMO  |2 CL-VaPUC  |9 353844 
583 |a last modification  |c 20170428 01:26:00  |k Rodrigo Vera 
999 |c 367880  |d 367878